000 00452nam a2200169Ia 4500
001 25658
003 IN-NITTTR
005 20251114233325.0
008 251113s9999||||xx |||||||||||||| ||eng||
040 _beng
040 _cIN-NITTTR
041 _aeng
082 _a294.5924 Y75G
100 _aYogananda , Sri Sri Paramahansa
245 4 _aThe Bhagvad Gita :
_b royal science of God-realization /
_cYogananda , Sri Sri Paramahansa
942 _2ddc
_cBK
999 _c28287
_d28287